000 01030nam a2200241Ia 4500
003 OSt
005 20200803180739.0
008 191128s2015 ck fr 001 0 spa d
040 _aCO-JMCR
_cCO-JMCR
041 0 _aspa
082 0 4 _a0342.861041 /
_bC718d
_223
110 1 _aColombia.
_98040
240 1 0 _aLeyes, etc.
245 1 0 _aDecreto único reglamentario del sector administrativo del interior :
_bdecreto número 1066 de 2015 /
260 _aBogotá :
_bMinisterio del Interior,
_cimpresión 2015
300 _a340 Páginas ;
_c24 cm.
500 _aIncluye índice de temas del decreto número 1066 de 2015
505 0 _aEstructura del decreto número 1066 de 2015 -- Índice de temas del decreto número 1066 de 2015 -- Decreto número 1066 de 2015 -- Decreto 1294 de 2015
650 1 4 _aPolítica pública
_xlegislación
_zColombia
_98275
650 1 4 _aAdministración pública
_xlegislación
_zColombia
_98276
650 1 4 _aDecreto único reglamentario del sector administrativo del interior
_98277
942 _2ddc
_cBK
999 _c3409
_d3409